Simone Weil / (Record no. 184166)

MARC details
000 -LEADER
campo de control de longitud fija 00787nam a2200241 i 4500
001 - NÚMERO DE CONTROL
campo de control 184166
003 - IDENTIFICADOR DE NÚMERO DE CONTROL
campo de control ES-MaACL
005 - FECHA Y HORA DE LA ÚLTIMA TRANSACCIÓN
campo de control 20250414185920.0
008 - DATOS DE LONGITUD FIJA--INFORMACIÓN GENERAL
campo de control de longitud fija 150406s1966 sp |||| |bspa d
080 ## - NÚMERO DE LA CLASIFICACIÓN DECIMAL UNIVERSAL
Número de la Clasificación Decimal Universal 929:301 Weil, Simone
100 1# - ENTRADA PRINCIPAL--NOMBRE DE PERSONA
Nombre de persona Davy, Marie-Madeleine.
9 (RLIN) 43003
245 10 - MENCIÓN DEL TÍTULO
Título Simone Weil /
Mención de responsabilidad, etc. Marie-Madeleine Davy ; [traducción... por Dionisio Pérez Pérez].
250 ## - MENCION DE EDICION
Mención de edición 1ª ed.
260 ## - PUBLICACIÓN, DISTRIBUCIÓN, ETC.
Lugar de publicación, distribución, etc. Barcelona :
Nombre del editor, distribuidor, etc. Fontanella,
Fecha de publicación, distribución, etc. 1966.
300 ## - DESCRIPCIÓN FÍSICA
Extensión 174 p. ;
Dimensiones 17 cm.
490 1# - MENCIÓN DE SERIE
Mención de serie Testigos del siglo XX ;
Designación de volumen o secuencia 15
504 ## - NOTA DE BIBLIOGRAFÍA, ETC.
Nota de bibliografía, etc. Bibliografía: p. 171-174.
600 14 - PUNTO DE ACCESO ADICIONAL DE MATERIA--NOMBRE DE PERSONA
Nombre de persona Weil, Simone,
Fechas asociadas al nombre 1909-1943
9 (RLIN) 116335
700 1# - ENTRADA AGREGADA--NOMBRE PERSONAL
Nombre de persona Pérez, Dionisio,
Fechas asociadas al nombre 1926-2010
9 (RLIN) 240037
830 0# - PUNTO DE ACCESO ADICIONAL DE SERIE-TÍTULO UNIFORME
Título uniforme Testigos del siglo XX ;
Designación de volumen o secuencia 15
9 (RLIN) 192049
852 ## - LOCALIZACIÓN
Ubicación ES-MaACL
Número de control de estantería E-15536
Holdings
Estatus retirado Estado de pérdida Estado de daño No para préstamo Biblioteca de origen Biblioteca actual Ubicación en estantería Fecha de adquisición Fuente de adquisición Total de préstamos Signatura topográfica completa Código de barras Visto por última vez Precio de reemplazo Tipo de ítem Koha
        Biblioteca del Ateneo de Madrid Biblioteca del Ateneo de Madrid Depósito 2 06/04/2015     E-15536 1193694 23/02/2023 23/02/2023 Libro impreso